| 000 | nam a22 a 4500 | ||
|---|---|---|---|
| 999 |
_c2200 _d2200 |
||
| 003 | AKMAL | ||
| 005 | 20170515153350.0 | ||
| 008 | 170515s1999 my 00 may d | ||
| 020 |
_a9676109525 (kkt.): _cRM27.00 |
||
| 040 | _aAKMAL | ||
| 082 | 0 | 4 |
_a370.152 AIN _221 |
| 090 | 0 | 0 |
_a370.152 _bAIN |
| 100 | 0 |
_aAinon Muhammad, _d1950- _9343 |
|
| 245 | 1 | 0 |
_aKursus berfikir untuk kolej dan universiti / _cAinon Mohd & Abdullah Hassan |
| 260 |
_aKuala Lumpur : _bUtusan Publication, _c1999 |
||
| 300 | 0 | 0 |
_axi, 513ms. ; _c22cm |
| 504 | _aBibliografi: ms. 496-514 | ||
| 650 | 0 |
_aCreative thinking _91035 |
|
| 650 | 0 |
_aCognitive learning _94501 |
|
| 700 | 0 |
_aAbdullah Hassan, _d1942- _9341 |
|
| 942 |
_2ddc _cBOOK |
||